| 000 | 00797nas a2200217 i 4500 | ||
|---|---|---|---|
| 001 | 2077 | ||
| 003 | ES-MaACL | ||
| 005 | 20250814013818.0 | ||
| 007 | t| | ||
| 008 | 950801d18901947fr | | 1 ||re d | ||
| 080 | _a44 | ||
| 245 | 0 | 0 |
_aRevue générale des sciences pures et appliquées / _cdir. Louis Oliver. |
| 260 |
_aParis : _bG. Carre et C. Naud, _c1890-1947 ( _fLouis Maretheux) |
||
| 300 |
_a34 v. ; _c30 cm. |
||
| 362 | 0 | _aVol. 1, n° 1 (1890)-n.s., vol. 54, n°9/10 (1947) | |
| 650 | 1 | 7 |
_aCiencias _2embne _910971 |
| 700 | 1 |
_aOlivier, Louis, _edir. _9194375 |
|
| 852 |
_aES-MaACL _jHem-214 |
||
| 866 | 0 | _o1897-1934(1935f.n.15feb.y 31may.y 31dic.)(1936f.n.15ago.y 15dic.)1937(1938.feb.y31mar.)(1939f.n.15ene.y28feb.y15abr.)1940(1941f.dic.)(1942-45). | |
| 999 |
_c2077 _d2077 |
||